000 00743nam a22002177a 4500
005 20251127111401.0
008 251127b |||||||| |||| 00| 0 eng d
020 _a9781912246182
040 _aNVIC
245 _aBeni Hassan:
_bVolume VII. The Burial Apartment of Baqet II
260 _aWallasey:
_bAbercromby Press,
_c2022
300 _a268 p.,
_bill.;
_c30 cm
440 _aThe Australian Centre for Egyptology;
_nReports 46
_92348
650 _aBeni Hassan
_xBurial complexes
_yAncient Egypt
_92349
650 _aBaqet II
_xBurial complexes
_zBeni Hassan
_92350
700 _aNaguib Kanawati
_92351
700 _aMartin Bommas
_92352
700 _aZeinab Hashesh and Michael Schultz
_92353
700 _aEman Khalifa
_92354
942 _2ddc
_cBK
999 _c17000
_d17000